000 00738nam a2200229Ia 4500
003 OSt
005 20220926022047.0
006 a|||||r|||| 00| 0
007 ta
008 220923b |||||||| |||| 00| 0 eng d
037 _cGeneral Book
040 _aRTL
_cRTL
_beng
041 _2eng
_aeng
082 _aV1N45,93:3.6N.N68r, K8/UN
110 _aUnited Nations,General Assembly
_999298
245 0 _aReport of thr United Nations Council for Namibia
_b Official record twenty- third session.
260 _aNew York
_bUnited Nations
_c1968
300 _av;13p
_ccm.
700 _aUnited Nations,General Assembly
_999299
942 _hV1N45,93:3.6N.N68r, K8/UN
_cGB
_2CC
999 _c638374
_d638374